000 00445nam a2200181Ia 4500
008 240510s9999 xx 000 0 und d
020 _a0009552002257
041 _asih
082 _a891.483
082 _bV59
100 _aVOYNICH, E.L. : Translator : SILVA, Sugathapala De.
245 0 _aAtamassa : The Gadfly
260 _bColombo : Godage Publishers
260 _c1988
300 _a397 p.
942 _2ddc
942 _cLBK
999 _c28238
_d28238
945 _a1
_bMadushi Gamage
_c1
_dMadushi Gamage